How will I know? (Record no. 83389)

MARC details
000 -LEADER
fixed length control field 00619nam a2200241 i 4500
001 - CONTROL NUMBER
control field C2-0275780
003 - CONTROL NUMBER IDENTIFIER
control field PPAK
005 - DATE AND TIME OF LATEST TRANSACTION
control field 20180728004446.0
008 - FIXED-LENGTH DATA ELEMENTS--GENERAL INFORMATION
fixed length control field 061108s2006 enk |||| ||||| | eng d
020 ## - INTERNATIONAL STANDARD BOOK NUMBER
International Standard Book Number 075533003X
040 ## - CATALOGING SOURCE
Original cataloging agency PPAK
Language of cataloging eng
Transcribing agency PPAK
Description conventions rda
082 04 - DEWEY DECIMAL CLASSIFICATION NUMBER
Classification number 823
Edition number 23
090 00 - LOCALLY ASSIGNED LC-TYPE CALL NUMBER (OCLC); LOCAL CALL NUMBER (RLIN)
Classification number (OCLC) (R) ; Classification number, CALL (RLIN) (NR) 823
Feature heading OFL
Feature heading G
100 1# - MAIN ENTRY--PERSONAL NAME
Personal name O'Flanagan, Sheila,
Relator term author
245 10 - TITLE STATEMENT
Title How will I know?
264 #1 - PRODUCTION, PUBLICATION, DISTRIBUTION, MANUFACTURE, AND COPYRIGHT NOTICE
Place of production, publication, distribution, manufacture London :
Name of producer, publisher, distributor, manufacturer Headline Reciew ,
Date of production, publication, distribution, manufacture, or copyright notice 2006
300 ## - PHYSICAL DESCRIPTION
Extent 600 pages ;
Dimensions 18 cm
336 ## - CONTENT TYPE
Source rdacontent
Content type term text
337 ## - MEDIA TYPE
Source rdamedia
Media type term unmediated
338 ## - CARRIER TYPE
Source rdacarrier
Carrier type term volume
650 10 - SUBJECT ADDED ENTRY--TOPICAL TERM
Topical term or geographic name entry element English fiction.
942 ## - ADDED ENTRY ELEMENTS (KOHA)
-- dc
Koha item type Book
Holdings
Withdrawn Not for loan Current library Shelving location Date acquired Full call number Barcode Date last seen Koha item type
    Perpustakaan Baling Pinjaman Dewasa 06/02/2007 823 OFL A01134342 03/01/2023 Book
    Perpustakaan Jitra Pinjaman Dewasa 06/02/2007 823 OFL A01134340 09/05/2018 Book
    Perpustakaan Kuala Nerang Pinjaman Dewasa 06/02/2007 823 OFL A01134344 09/05/2018 Book
    Perpustakaan Langkawi Pinjaman Dewasa 06/02/2007 823 OFL A01134343 09/05/2018 Book